El Parc Arqueològic Mines de Gavà, en marxa
Publicado:
La Plana :
full informatiu de l'Institut Municipal de Gestió del Patrimoni Cultural i Natural, núm. 40 (set. 2007), pàg. 1
Descripción Física:
fot. ; 30 cm
Materias:
Parc Arqueològic Mines de Gavà
MARC
| LEADER | 00000nam a2200000Ia 4500 | ||
|---|---|---|---|
| 001 | 19464 | ||
| 008 | 160829s9999 xx 000 0 cat d | ||
| 080 | |a FU-6-42 | ||
| 245 | |a El Parc Arqueològic Mines de Gavà, en marxa | ||
| 260 | |a La Plana: |b full informatiu de l'Institut Municipal de Gestió del Patrimoni Cultural i Natural, núm. 40 (set. 2007), pàg. 1 | ||
| 300 | |a fot. ; |c 30 cm | ||
| 590 | |a Imatge del president de la Generalitat José Montilla, amb Joaquim Balsera i el president de la Diputació Celestino Corbacho durant la inauguració del Parc | ||
| 650 | |a Parc Arqueològic Mines de Gavà |9 27462 | ||
| 901 | |a Arxiu | ||
| 942 | |n 1 | ||
| 952 | |0 0 |1 0 |4 0 |6 FU642 |7 1 |9 44397 |a Arxiu |b Arxiu |d 2016-12-01 |l 0 |o FU-6-42 |p 19464 |r 2016-12-01 00:00:00 |w 2016-12-01 |y ARXIU | ||
| 999 | |c 46978 |d 46978 | ||